000 00647nam a2200217 i 4500
001 10823
003 ES-MaACL
005 20230906145951.0
007 t|
008 951108s1995 sp ||||1| spa d
020 _a84-7432-551-X
080 _a840.03=60
100 1 _aTricás Preckler, Mercedes.
_9111392
245 1 0 _aManual de traducción francés-castellano /
_cpor Mercedes Tricás Preckler.
250 _a1ª ed.
260 _aBarcelona :
_bGedisa,
_c1995.
300 _a275 p. ;
_c23 cm.
504 _aBibliogr.: p. 237-260.
650 4 _aLengua francesa-
_xTraducciones al español.
_914234
852 _aES-MaACL
_jL-18144
_bR.124419
999 _c10823
_d10823